| Tag |
First Indicator |
Second Indicator |
Subfields |
| LEADER |
00000cam a2200000 a 4500 |
| 001 |
in00000391663 |
| 005 |
20151011110952.0 |
| 008 |
830225s1981 enka b 00110 eng |
| 010 |
|
|
|a 81196110
|
| 020 |
|
|
|a 041222190X :
|c 10.00
|
| 035 |
|
|
|a (OCoLC)08075387
|
| 035 |
|
|
|9 ABR6848AM
|
| 039 |
0 |
|
|a 2
|b 3
|c 3
|d 3
|e 3
|
| 040 |
|
|
|a DLC
|c DLC
|d TXA
|d UtOrBLW
|
| 049 |
|
|
|a TXAM
|c [1274118]
|
| 050 |
0 |
0 |
|a QD477
|b .P47 1981
|
| 082 |
0 |
|
|a 547.1/3723
|2 19
|
| 100 |
1 |
|
|a Perrin, D. D.
|q (Douglas Dalzell),
|d 1922-
|
| 245 |
1 |
0 |
|a pKa prediction for organic acids and bases /
|c D.D. Perrin, Boyd Dempsey, and E.P. Serjeant.
|
| 264 |
|
1 |
|a London ;
|a New York :
|b Chapman and Hall,
|c 1981.
|
| 300 |
|
|
|a x, 146 pages :
|b illustrations ;
|c 22 cm.
|
| 336 |
|
|
|a text
|b txt
|2 rdacontent
|
| 337 |
|
|
|a unmediated
|b n
|2 rdamedia
|
| 338 |
|
|
|a volume
|b nc
|2 rdacarrier
|
| 500 |
|
|
|a Includes index.
|
| 504 |
|
|
|a Bibliography: pages [140]-142.
|
| 650 |
|
0 |
|a Organic acids.
|
| 650 |
|
0 |
|a Bases (Chemistry)
|
| 650 |
|
0 |
|a Ionization.
|
| 700 |
1 |
|
|a Dempsey, Boyd.
|
| 700 |
1 |
|
|a Serjeant, E. P.
|
| 999 |
|
|
|a MARS
|
| 999 |
f |
f |
|s b80e55c6-9e99-365e-828b-0ab043715169
|i 3907d497-cd36-357a-a3a4-581c74b314d6
|t 0
|
| 952 |
f |
f |
|p normal
|a Texas A&M University
|b College Station
|c Sterling C. Evans Library
|d Evans: Library Stacks
|t 0
|e QD477 .P47 1981
|h Library of Congress classification
|i unmediated -- volume
|m A14807653885
|
| 998 |
f |
f |
|a QD477 .P47 1981
|t 0
|l Evans: Library Stacks
|